01798nam a2200265 a 450000100100000000500170001000800410002702000180006804000250008608200140011110000340012524501550015926001460031430000350046050000630049550502790055859000270083770000400086495201270090495201270103195201270115895201120128595201180139799900170151500004670020240226135628.0180319s2017 dr a 000 0 spa d a9789945894653 aDO-SdBNPbspacBNPHU axxxbK65p1 aKlinger Pevida, Eduardo9224014aLos premios nobel 1901-2016 :blos laureados, aportes premiados e impactos socioeconómicos /cEduardo Klinger Pevida ; prólogo Luis Scheker Ortiz. aSanto Domingo :bAcademia de Ciencias de la República Dominicana :bMinisterio de Educacion Superior, Ciencia y Tecnologia (MESCYT),c2017. a955 p. :bil., retrs ;c23 cm. aIncluye datos del autor en la solapa de la contracubierta.0 aPremios nobel de físicatPremios nobel de químicatPremios nobel de fisiología y medicinatPremios nobel de literaturatPremios nobel de la paztLos Premios nobel de economía 1968-1999tLos Premios nobel de América Latina y el CaribetLas mujeres y el premio Nobel aInventariado, 2018 /LP1 aScheker, Ortiz Luis,epról.99515 001054708DSaGRbGRcHDd2018-03-19iLF1l0oxxx K65pp46700-30r2020-06-25te. 3w2020-06-25yLFDSZPréstamo en sala 001054708DSaGRbGRcHDd2018-03-19iLF1l0oxxx K65pp46700-40r2020-06-25te. 4w2020-06-25yLFDSZPréstamo en sala 001054708DSaGRbGRcHDd2018-03-19iLF1l0oxxx K65pp46700-50r2020-06-25te. 5w2020-06-25yLFDSZPréstamo en sala 0010718PDaPDbPDcHDd2018-03-19iLF1l0oxxx K65pp46700-10r2020-06-25w2020-06-25yLFPDZNo se presta 0010718PDaPDbPDcHDd2018-03-19iLF1l0oxxx K65pp46700-20r2020-06-25te. 2w2020-06-25yLFPDZNo se presta c46189d46189